Maulana Abul Kalam Azad (Record no. 788)

MARC details
000 -LEADER
fixed length control field 00594nam a2200241 a 4500
020 ## - INTERNATIONAL STANDARD BOOK NUMBER
ISBN
082 00 - DEWEY DECIMAL CLASSIFICATION NUMBER
Classification number 922.97
Author Cutter BED
100 ## - MAIN ENTRY--AUTHOR NAME
Author name Bedar, Abid Raza
245 ## - TITLE STATEMENT
Title Maulana Abul Kalam Azad
260 ## - PUBLICATION, DISTRIBUTION, ETC. (IMPRINT)
Place of publication Rampur
Name of publisher Institute of Oriental Studies
Year of publication 1968
300 ## - PHYSICAL DESCRIPTION
Number of Pages 292p
500 ## - GENERAL NOTE
General note includes index and biblioraphy
505 2# - FORMATTED CONTENTS NOTE
Formatted contents note Index, Bibliography
650 ## - SUBJECT ADDED ENTRY--TOPICAL TERM
Topical Term Abul Kalam Azad
942 ## - ADDED ENTRY ELEMENTS (KOHA)
Koha item type Books
700 1# -
-- Bedar, Abid Raza
Holdings
Collection code Home library Current library Date acquired Cost, normal purchase price Full call number Accession Number Koha item type
  Henry Martyn Institute Library Henry Martyn Institute Library 06/06/2007 20.00 922.97 BED 03772 Books
                   Copyright © 2026 | Henry Martyn Institute | Hyderabad | TS-500052 | INDIA | Implemented by hmi.edu.in
Hit-Count:

Powered by Koha